| 000 -LEADER |
| fixed length control field |
00734nam a22002657a 4500 |
| 001 - CONTROL NUMBER |
| control field |
8324 |
| 003 - CONTROL NUMBER IDENTIFIER |
| control field |
BD-DhUAP |
| 005 - DATE AND TIME OF LATEST TRANSACTION |
| control field |
20210119130743.0 |
| 008 - FIXED-LENGTH DATA ELEMENTS--GENERAL INFORMATION |
| fixed length control field |
200202s1999 enk 001 0 eng |
| 020 ## - INTERNATIONAL STANDARD BOOK NUMBER |
| International Standard Book Number |
1858363519 |
| 040 ## - CATALOGING SOURCE |
| Original cataloging agency |
DLC |
| Transcribing agency |
DLC |
| Modifying agency |
BD-DhUAP |
| Language of cataloging |
Eng |
| 082 00 - DEWEY DECIMAL CLASSIFICATION NUMBER |
| Edition number |
23 |
| Classification number |
349.4 ENG |
| 245 10 - TITLE STATEMENT |
| Title |
English and European legal systems / |
| Statement of responsibility, etc. |
Consultant editor Lord Templeman ; edited by Charles P Reed. |
| 250 ## - EDITION STATEMENT |
| Edition statement |
1st ed. |
| 260 ## - PUBLICATION, DISTRIBUTION, ETC. |
| Place of publication, distribution, etc. |
London : |
| Name of publisher, distributor, etc. |
Old Bailey Press, |
| Date of publication, distribution, etc. |
c1999. |
| 300 ## - PHYSICAL DESCRIPTION |
| Extent |
xxiv, 337 pages ; |
| Dimensions |
26 cm. |
| 500 ## - GENERAL NOTE |
| General note |
Includes index. |
| 650 ## - SUBJECT ADDED ENTRY--TOPICAL TERM |
| Topical term or geographic name entry element |
Law. |
| 650 ## - SUBJECT ADDED ENTRY--TOPICAL TERM |
| Topical term or geographic name entry element |
European Union countries. |
| 651 ## - SUBJECT ADDED ENTRY--GEOGRAPHIC NAME |
| Geographic name |
England. |
| 700 ## - ADDED ENTRY--PERSONAL NAME |
| Personal name |
Templeman, Lord. |
| 700 ## - ADDED ENTRY--PERSONAL NAME |
| Personal name |
Reed, Charles P. |
| 942 ## - ADDED ENTRY ELEMENTS (KOHA) |
| Source of classification or shelving scheme |
|
| Koha item type |
Book |